[Event "2016 NSW Open"]
[Site "?"]
[Date "2016.06.13"]
[Round "2.5"]
[White "Jones, Richard"]
[Black "Willathgamuwa, Rowan"]
[Result "1-0"]
[LiveChessVersion "1.4.4"]
[BlackElo "1896"]
[WhiteElo "2384"]

1. e4 {[%clk 1:30:58]} c5 {[%clk 1:25:50]} 2. Nf3 {[%clk 1:31:23]} d6 3. Bb5+
{[%clk 1:31:40]} Bd7 {[%clk 1:26:21]} 4. Bxd7+ {[%clk 1:32:05]} Qxd7
{[%clk 1:26:37]} 5. c4 {[%clk 1:32:26]} Nf6 {[%clk 1:26:22]} 6. Nc3
{[%clk 1:32:48]} Nc6 {[%clk 1:25:50]} 7. d4 {[%clk 1:32:59]} cxd4
{[%clk 1:25:45]} 8. Nxd4 {[%clk 1:33:21]} g6 {[%clk 1:25:40]} 9. b3
{[%clk 1:33:12]} Bg7 {[%clk 1:25:27]} 10. Bb2 {[%clk 1:33:35]} O-O
{[%clk 1:23:29]} 11. O-O {[%clk 1:33:50]} Rac8 {[%clk 1:21:19]} 12. Re1
{[%clk 1:33:45]} Ne8 {[%clk 1:11:09]} 13. Nd5 {[%clk 1:30:59]} Nc7
{[%clk 1:05:01]} 14. Qd2 {[%clk 1:27:21]} Ne6 {[%clk 0:58:12]} 15. Nb5
{[%clk 1:20:21]} f5 {[%clk 0:45:32]} 16. Bxg7 {[%clk 1:16:54]} Nxg7
{[%clk 0:43:36]} 17. e5 {[%clk 1:15:49]} Qd8 {[%clk 0:32:51]} 18. exd6
{[%clk 1:13:43]} exd6 {[%clk 0:32:05]} 19. Nf4 {[%clk 1:10:37]} Rf6
{[%clk 0:30:05]} 20. Qd5+ {[%clk 1:10:36]} Kh8 {[%clk 0:30:16]} 21. Rad1
{[%clk 1:10:13]} Qf8 {[%clk 0:27:37]} 22. Nxd6 {[%clk 1:06:54]} Rd8
{[%clk 0:27:19]} 23. c5 {[%clk 1:06:49]} g5 {[%clk 0:19:58]} 24. Ne6
{[%clk 1:06:34]} Nxe6 {[%clk 0:20:02]} 25. Rxe6 {[%clk 1:07:00]} Kg7
{[%clk 0:19:00]} 26. Rde1 {[%clk 1:05:24]} Rxe6 {[%clk 0:17:32]} 27. Qxe6
{[%clk 1:05:10]} Nd4 {[%clk 0:16:36]} 28. Qe5+ 1-0

[Event "2016 NSW Open"]
[Site "?"]
[Date "2016.06.13"]
[Round "2.6"]
[White "Boss, Stephen"]
[Black "Brown, Andrew"]
[Result "0-1"]
[LiveChessVersion "1.4.4"]
[BlackElo "2199"]
[WhiteElo "1829"]

1. c4 Nf6 2. g3 g6 3. Bg2 Bg7 4. Nc3 O-O 5. e4 d6 6. Nge2 c5 7. d3 Nc6 8. O-O a6
9. h3 Rb8 10. a4 Ne8 11. Be3 Nd4 12. f4 Nc7 13. Nd5 b5 14. axb5 Nxd5 15. Bxd4
cxd4 16. exd5 axb5 17. b3 bxc4 18. bxc4 Rb2 19. g4 e5 20. dxe6 fxe6 21. Rb1 Ra2
22. Ng3 Qh4 23. Ne4 Bd7 24. Ra1 Rxa1 25. Qxa1 h5 26. g5 Rxf4 27. Qa8+ Kh7 28. Qb7
Rxf1+ 29. Bxf1 d5 30. cxd5 exd5 31. Qxd5 Bf5 32. Bg2 Bxe4 33. Bxe4 Qxh3 34. Qd8
Qg4+ 35. Kh1 Qf4 36. Kg2 Qd2+ 37. Kh3 Qe2 38. Qe7 Qg4+ 39. Kh2 Qf4+ 40. Kg2 h4
41. Qd8 Qg3+ 42. Kh1 0-1

[Event "2016 NSW Open"]
[Site "?"]
[Date "2016.06.13"]
[Round "3.1"]
[White "Thapa, Krishna"]
[Black "Zhao, Zong-Yuan"]
[Result "0-1"]
[LiveChessVersion "1.4.4"]
[BlackElo "2541"]
[WhiteElo "2058"]

1. d4 {[%clk 1:30:54]} Nf6 {[%clk 1:30:55]} 2. Nf3 {[%clk 1:31:15]} e6
{[%clk 1:31:19]} 3. c4 {[%clk 1:31:40]} d5 {[%clk 1:31:44]} 4. g3
{[%clk 1:32:03]} Bb4+ {[%clk 1:30:31]} 5. Nc3 {[%clk 1:32:14]} dxc4
{[%clk 1:30:25]} 6. Bg2 {[%clk 1:21:20]} Nc6 {[%clk 1:28:50]} 7. O-O
{[%clk 1:19:16]} O-O {[%clk 1:26:46]} 8. Bg5 {[%clk 1:11:09]} h6 {[%clk 1:22:43]}
9. Bf4 {[%clk 1:07:58]} Nd5 {[%clk 1:15:45]} 10. Bd2 {[%clk 0:57:19]} Nb6
{[%clk 1:15:26]} 11. Bf4 {[%clk 0:50:43]} Qe7 {[%clk 1:14:28]} 12. Qc1
{[%clk 0:46:09]} Nxd4 {[%clk 1:03:58]} 13. Nxd4 {[%clk 0:41:20]} e5
{[%clk 1:04:08]} 14. Be3 {[%clk 0:33:20]} exd4 {[%clk 1:03:18]} 15. Bxd4
{[%clk 0:33:48]} c6 {[%clk 0:50:08]} 16. Ne4 {[%clk 0:29:43]} Bf5
{[%clk 0:49:29]} 17. Qf4 {[%clk 0:20:56]} Bg6 {[%clk 0:42:32]} 18. a3
{[%clk 0:10:40]} Nd5 {[%clk 0:42:40]} 19. Qg4 {[%clk 0:10:22]} h5
{[%clk 0:41:35]} 20. Qf3 {[%clk 0:07:15]} Rfe8 {[%clk 0:40:43]} 21. axb4
{[%clk 0:02:09]} Bxe4 {[%clk 0:40:16]} 22. Qxe4 {[%clk 0:02:18]} Qxe4
{[%clk 0:40:40]} 23. Bxe4 {[%clk 0:02:44]} Rxe4 {[%clk 0:41:05]} 24. e3
{[%clk 0:02:41]} a6 {[%clk 0:38:13]} 25. Rfc1 {[%clk 0:02:46]} Nxb4
{[%clk 0:36:53]} 26. Rxc4 {[%clk 0:02:49]} Nd5 {[%clk 0:37:16]} 27. Ra3
{[%clk 0:02:40]} Nc7 {[%clk 0:36:18]} 28. Rb3 {[%clk 0:01:39]} Nb5
{[%clk 0:36:31]} 29. Rc5 {[%clk 0:01:35]} g6 {[%clk 0:35:14]} 30. Bf6
{[%clk 0:01:47]} Re6 {[%clk 0:35:20]} 31. Bd4 {[%clk 0:00:46]} Rd8
{[%clk 0:35:03]} 32. Bc3 {[%clk 0:00:50]} b6 {[%clk 0:33:27]} 33. Rc4
{[%clk 0:00:39]} c5 {[%clk 0:33:42]} 34. Ra4 {[%clk 0:00:39]} Rd1+
{[%clk 0:25:50]} 35. Kg2 {[%clk 0:01:07]} Nxc3 {[%clk 0:26:14]} 36. bxc3
{[%clk 0:01:19]} b5 {[%clk 0:24:26]} 37. Ra5 {[%clk 0:01:34]} Rd2
{[%clk 0:24:35]} 38. Kg1 {[%clk 0:00:47]} Rf6 {[%clk 0:24:23]} 39. f4
{[%clk 0:01:04]} Re6 {[%clk 0:20:41]} 40. c4 {[%clk 0:01:24]} bxc4
{[%clk 0:21:07]} 41. Rc3 {[%clk 0:01:39]} Rb6 {[%clk 0:21:22]} 42. Ra1
{[%clk 0:01:56]} Rbb2 {[%clk 0:21:42]} 43. Rxc4 {[%clk 0:02:11]} Rg2+
{[%clk 0:22:08]} 44. Kh1 {[%clk 0:02:40]} Rxh2+ {[%clk 0:22:33]} 45. Kg1
{[%clk 0:03:07]} Rbg2+ {[%clk 0:22:48]} 46. Kf1 {[%clk 0:03:36]} Rxg3
{[%clk 0:22:55]} 47. Rxa6 {[%clk 0:03:55]} Rxe3 {[%clk 0:21:48]} 48. Rxc5
{[%clk 0:04:05]} Rf3+ {[%clk 0:21:52]} 49. Kg1 {[%clk 0:04:25]} Rhf2
{[%clk 0:22:13]} 0-1

[Event "2016 NSW Open"]
[Site "?"]
[Date "2016.06.13"]
[Round "3.2"]
[White "Rodgers, Jack"]
[Black "Illingworth, Max"]
[Result "0-1"]
[LiveChessVersion "1.4.4"]
[BlackElo "2458"]
[WhiteElo "2020"]

1. d4 {[%clk 1:30:57]} Nf6 {[%clk 1:30:51]} 2. c4 {[%clk 1:31:08]} e6
{[%clk 1:30:20]} 3. Nc3 {[%clk 1:31:11]} Bb4 {[%clk 1:30:42]} 4. Qc2
{[%clk 1:31:26]} d6 {[%clk 1:30:21]} 5. Nf3 {[%clk 1:31:05]} Nbd7
{[%clk 1:30:40]} 6. e3 {[%clk 1:30:21]} O-O {[%clk 1:26:05]} 7. Bd2
{[%clk 1:29:08]} c5 {[%clk 1:23:23]} 8. Bd3 {[%clk 1:25:04]} cxd4
{[%clk 1:18:10]} 9. exd4 {[%clk 1:23:38]} b6 {[%clk 1:18:19]} 10. O-O
{[%clk 1:22:49]} Bb7 {[%clk 1:18:37]} 11. Ne4 {[%clk 1:21:46]} Bxd2
{[%clk 1:16:31]} 12. Nfxd2 {[%clk 1:22:13]} Qc7 {[%clk 1:15:40]} 13. Rac1
{[%clk 1:20:12]} Rac8 {[%clk 1:12:10]} 14. b3 {[%clk 1:17:11]} d5
{[%clk 1:09:33]} 15. Nxf6+ {[%clk 1:12:47]} Nxf6 {[%clk 1:09:21]} 16. c5
{[%clk 1:09:21]} Qf4 {[%clk 1:04:52]} 17. Nf3 {[%clk 1:04:44]} bxc5
{[%clk 1:00:22]} 18. dxc5 {[%clk 1:05:05]} Nd7 {[%clk 0:58:55]} 19. b4
{[%clk 1:04:16]} g6 {[%clk 0:56:52]} 20. Qd2 {[%clk 0:58:56]} Qf6
{[%clk 0:52:26]} 21. Bb5 {[%clk 0:52:31]} Nb8 {[%clk 0:50:41]} 22. Qd4
{[%clk 0:50:58]} Qxd4 {[%clk 0:39:24]} 23. Nxd4 {[%clk 0:51:27]} a6
{[%clk 0:39:45]} 24. Ba4 {[%clk 0:49:20]} e5 {[%clk 0:39:16]} 25. Nf3
{[%clk 0:42:12]} f6 {[%clk 0:39:25]} 26. Rfd1 {[%clk 0:41:42]} Kf7
{[%clk 0:37:43]} 27. Bb3 {[%clk 0:40:23]} Rfd8 {[%clk 0:31:54]} 28. a4
{[%clk 0:40:28]} Bc6 {[%clk 0:32:02]} 29. h3 {[%clk 0:38:01]} Rc7
{[%clk 0:29:25]} 30. Rb1 {[%clk 0:35:26]} Rb7 {[%clk 0:28:45]} 31. Bc2
{[%clk 0:34:18]} Nd7 {[%clk 0:24:51]} 32. b5 {[%clk 0:30:56]} axb5
{[%clk 0:25:14]} 33. axb5 {[%clk 0:31:25]} Rxb5 {[%clk 0:25:04]} 34. Rxb5
{[%clk 0:31:30]} Bxb5 {[%clk 0:25:28]} 35. Rxd5 {[%clk 0:31:39]} Rc8
{[%clk 0:24:51]} 36. Bd3 {[%clk 0:24:40]} Bc6 {[%clk 0:25:00]} 37. Rd6
{[%clk 0:24:56]} Nxc5 {[%clk 0:24:54]} 38. Bc4+ {[%clk 0:22:52]} Ke7
{[%clk 0:25:16]} 39. Rd1 {[%clk 0:23:08]} Ne6 {[%clk 0:22:55]} 40. Bxe6
{[%clk 0:21:11]} Kxe6 {[%clk 0:23:19]} 41. Rc1 {[%clk 0:21:18]} Bb7
{[%clk 0:18:56]} 42. Rb1 {[%clk 0:20:28]} Bd5 {[%clk 0:18:17]} 43. Nh2
{[%clk 0:20:35]} h5 {[%clk 0:18:12]} 44. Nf1 {[%clk 0:20:55]} f5 {[%clk 0:16:29]}
45. h4 {[%clk 0:20:53]} f4 {[%clk 0:16:06]} 46. Rb2 {[%clk 0:20:44]} Rc1
{[%clk 0:16:12]} 47. f3 {[%clk 0:20:53]} Bc4 {[%clk 0:16:06]} 48. g4
{[%clk 0:19:52]} hxg4 {[%clk 0:15:31]} 49. fxg4 {[%clk 0:20:15]} Rxf1+
{[%clk 0:15:49]} 50. Kg2 {[%clk 0:20:43]} f3+ {[%clk 0:15:48]} 51. Kg3
{[%clk 0:21:04]} e4 {[%clk 0:15:41]} 52. h5 {[%clk 0:21:19]} gxh5
{[%clk 0:15:47]} 53. gxh5 {[%clk 0:21:49]} Rh1 {[%clk 0:16:05]} 54. Kf4
{[%clk 0:21:56]} Kd5 {[%clk 0:15:25]} 55. Rd2+ {[%clk 0:22:22]} Bd3
{[%clk 0:15:47]} 56. Ra2 {[%clk 0:22:51]} Kd4 {[%clk 0:15:36]} 57. Kg3
{[%clk 0:22:40]} Ke3 {[%clk 0:15:26]} 58. h6 {[%clk 0:22:38]} Rxh6
{[%clk 0:15:31]} 59. Rb2 {[%clk 0:23:00]} Rg6+ {[%clk 0:15:51]} 60. Kh2
{[%clk 0:23:29]} f2 {[%clk 0:16:01]} 61. Rb4 {[%clk 0:23:48]} Kf3
{[%clk 0:16:08]} 62. Rxe4 {[%clk 0:24:03]} Bxe4 {[%clk 0:16:26]} 63. Kh1
{[%clk 0:24:28]} Rh6# {[%clk 0:16:51]} 0-1

[Event "2016 NSW Open"]
[Site "?"]
[Date "2016.06.13"]
[Round "3.3"]
[White "Bjelobrk, Igor"]
[Black "O'Chee, Kevin"]
[Result "1-0"]
[LiveChessVersion "1.4.4"]
[BlackElo "2085"]
[WhiteElo "2389"]

1. Nf3 {[%clk 1:30:57]} c5 {[%clk 1:30:41]} 2. c4 {[%clk 1:31:20]} Nf6
{[%clk 1:31:03]} 3. Nc3 {[%clk 1:31:43]} e6 {[%clk 1:31:27]} 4. g3
{[%clk 1:32:06]} b6 {[%clk 1:31:48]} 5. Bg2 {[%clk 1:32:31]} Bb7 {[%clk 1:32:14]}
6. O-O {[%clk 1:32:48]} Be7 {[%clk 1:32:26]} 7. d4 {[%clk 1:33:09]} cxd4
{[%clk 1:31:28]} 8. Qxd4 {[%clk 1:33:31]} d6 {[%clk 1:31:34]} 9. Rd1
{[%clk 1:33:53]} a6 {[%clk 1:31:39]} 10. b3 {[%clk 1:34:16]} O-O {[%clk 1:30:37]}
11. Bb2 {[%clk 1:34:38]} Nbd7 {[%clk 1:30:22]} 12. g4 {[%clk 1:33:09]} Qc7
{[%clk 1:28:30]} 13. g5 {[%clk 1:33:02]} Ne8 {[%clk 1:28:41]} 14. Rac1
{[%clk 1:30:45]} Rd8 {[%clk 1:27:57]} 15. h4 {[%clk 1:25:43]} Qc5
{[%clk 1:27:37]} 16. Na4 {[%clk 1:21:11]} Qxd4 {[%clk 1:26:01]} 17. Nxd4
{[%clk 1:21:26]} Bxg2 {[%clk 1:26:11]} 18. Kxg2 {[%clk 1:21:50]} Rc8
{[%clk 1:26:05]} 19. f4 {[%clk 1:18:04]} Bd8 {[%clk 1:20:33]} 20. f5
{[%clk 1:10:30]} Nc5 {[%clk 1:08:47]} 21. fxe6 {[%clk 1:09:59]} Nxe6
{[%clk 1:06:09]} 22. Nf5 {[%clk 1:09:00]} Rc6 {[%clk 1:06:00]} 23. Nc3
{[%clk 1:04:21]} f6 {[%clk 1:04:39]} 24. Nd5 {[%clk 1:02:26]} Kh8
{[%clk 1:01:57]} 25. Rf1 {[%clk 0:53:03]} fxg5 {[%clk 1:00:15]} 26. Nd4 1-0

[Event "2016 NSW Open"]
[Site "?"]
[Date "2016.06.13"]
[Round "3.4"]
[White "Brown, Andrew"]
[Black "Parsonage, Ian"]
[Result "1-0"]
[LiveChessVersion "1.4.4"]
[BlackElo "2019"]
[WhiteElo "2199"]

1. d4 {[%clk 1:30:55]} Nf6 {[%clk 1:30:55]} 2. c4 {[%clk 1:31:16]} e6
{[%clk 1:31:08]} 3. Nc3 {[%clk 1:31:37]} Bb4 {[%clk 1:31:26]} 4. e3
{[%clk 1:31:58]} O-O {[%clk 1:31:36]} 5. Nge2 {[%clk 1:32:16]} Re8
{[%clk 1:31:37]} 6. a3 {[%clk 1:31:39]} Bf8 {[%clk 1:31:56]} 7. g3
{[%clk 1:24:20]} d6 {[%clk 1:28:41]} 8. Bg2 Nbd7 {[%clk 1:27:34]} 9. O-O
{[%clk 1:24:26]} e5 {[%clk 1:27:18]} 10. b4 {[%clk 1:21:47]} g6 {[%clk 1:25:29]}
11. c5 {[%clk 1:11:59]} c6 {[%clk 1:18:50]} 12. cxd6 {[%clk 1:07:23]} Bxd6
{[%clk 1:19:14]} 13. d5 {[%clk 0:56:35]} Nxd5 {[%clk 1:16:22]} 14. Nxd5
{[%clk 0:56:08]} cxd5 {[%clk 1:16:46]} 15. Bxd5 {[%clk 0:54:07]} Nf6
{[%clk 1:15:02]} 16. Bg2 {[%clk 0:52:55]} Qe7 {[%clk 1:13:18]} 17. Bb2
{[%clk 0:51:02]} Bg4 {[%clk 1:08:39]} 18. h3 {[%clk 0:50:23]} Bf5
{[%clk 1:04:53]} 19. g4 {[%clk 0:48:19]} Be6 {[%clk 0:54:04]} 20. Ng3
{[%clk 0:43:48]} Bc4 {[%clk 0:50:21]} 21. g5 {[%clk 0:39:32]} Nd7
{[%clk 0:37:58]} 22. Ne4 {[%clk 0:38:25]} Bxf1 {[%clk 0:38:02]} 23. Kxf1
{[%clk 0:37:59]} Nb6 {[%clk 0:32:36]} 24. Qxd6 {[%clk 0:37:49]} Rad8
{[%clk 0:30:25]} 25. Qxe7 {[%clk 0:33:49]} Rxe7 {[%clk 0:30:49]} 26. Rc1
{[%clk 0:33:59]} h6 {[%clk 0:24:04]} 27. h4 {[%clk 0:32:04]} hxg5
{[%clk 0:23:32]} 28. hxg5 {[%clk 0:32:24]} Na4 {[%clk 0:20:12]} 29. Ba1
{[%clk 0:31:52]} Nb6 {[%clk 0:17:42]} 30. Ke2 {[%clk 0:31:15]} Rc8
{[%clk 0:17:33]} 31. Nf6+ {[%clk 0:28:54]} Kf8 {[%clk 0:17:14]} 32. Rxc8+
{[%clk 0:27:30]} 1-0

[Event "2016 NSW Open"]
[Site "?"]
[Date "2016.06.13"]
[Round "3.5"]
[White "Perera, Pasan"]
[Black "Thakurta, Soumya"]
[Result "1-0"]
[LiveChessVersion "1.4.4"]
[BlackElo "2185"]
[WhiteElo "1982"]

1. d4 {[%clk 1:30:53]} d5 {[%clk 1:30:33]} 2. Nc3 {[%clk 1:31:11]} Nf6
{[%clk 1:29:20]} 3. Bg5 {[%clk 1:31:29]} e6 {[%clk 1:28:56]} 4. e4
{[%clk 1:29:00]} dxe4 {[%clk 1:20:50]} 5. Bxf6 {[%clk 1:28:13]} Qxf6
{[%clk 1:15:57]} 6. Nxe4 {[%clk 1:28:35]} Qf4 {[%clk 1:16:06]} 7. Qd3
{[%clk 1:23:37]} Be7 {[%clk 0:58:33]} 8. g3 {[%clk 1:19:11]} Qf5 {[%clk 0:55:24]}
9. Bg2 {[%clk 1:14:28]} Qa5+ {[%clk 0:55:20]} 10. c3 {[%clk 1:14:29]} O-O
{[%clk 0:55:41]} 11. Ne2 {[%clk 1:12:50]} e5 {[%clk 0:47:18]} 12. O-O
{[%clk 1:07:12]} Nd7 {[%clk 0:42:52]} 13. Rfe1 {[%clk 1:01:14]} Kh8
{[%clk 0:41:15]} 14. b4 {[%clk 0:52:39]} Qb6 {[%clk 0:41:18]} 15. Nd2
{[%clk 0:52:39]} Qf6 {[%clk 0:27:41]} 16. Nc4 {[%clk 0:50:11]} Rd8
{[%clk 0:21:42]} 17. Rad1 {[%clk 0:44:25]} exd4 {[%clk 0:20:05]} 18. Nxd4
{[%clk 0:44:39]} c5 {[%clk 0:19:52]} 19. bxc5 {[%clk 0:36:17]} Nxc5
{[%clk 0:20:11]} 20. Qe2 {[%clk 0:32:47]} Bf8 {[%clk 0:20:24]} 21. Ne5
{[%clk 0:28:18]} Bf5 {[%clk 0:18:15]} 22. f4 {[%clk 0:26:19]} h6 {[%clk 0:17:41]}
23. g4 {[%clk 0:24:14]} Be6 {[%clk 0:17:09]} 24. Qf2 {[%clk 0:19:08]} Bd5
{[%clk 0:15:49]} 25. h4 {[%clk 0:18:50]} Bxg2 {[%clk 0:15:22]} 26. Kxg2
{[%clk 0:19:18]} Kg8 {[%clk 0:15:52]} 27. g5 {[%clk 0:18:31]} Qd6
{[%clk 0:14:59]} 28. gxh6 {[%clk 0:17:53]} Qxh6 {[%clk 0:15:18]} 29. Qg3
{[%clk 0:17:13]} Ne6 {[%clk 0:14:19]} 30. Re4 {[%clk 0:16:02]} Nc5
{[%clk 0:13:20]} 31. Re3 {[%clk 0:15:58]} Qh5 {[%clk 0:13:17]} 32. Rg1
{[%clk 0:15:16]} Re8 {[%clk 0:13:26]} 33. Kh3 {[%clk 0:14:48]} Rad8
{[%clk 0:13:03]} 34. f5 {[%clk 0:09:18]} Rd6 {[%clk 0:06:04]} 35. Qf4
{[%clk 0:07:09]} f6 {[%clk 0:02:55]} 36. Ng4 {[%clk 0:05:10]} Rxe3+
{[%clk 0:01:56]} 37. Qxe3 {[%clk 0:05:28]} Kf7 {[%clk 0:02:20]} 38. Re1
{[%clk 0:05:33]} Rd8 {[%clk 0:02:49]} 39. Qe2 {[%clk 0:05:12]} Bd6
{[%clk 0:02:53]} 40. Ne5+ {[%clk 0:05:31]} Ke8 {[%clk 0:02:22]} 1-0

[Event "2016 NSW Open"]
[Site "?"]
[Date "2016.06.13"]
[Round "3.6"]
[White "Bierkens, Pieter"]
[Black "Ng, Clive"]
[Result "1-0"]
[LiveChessVersion "1.4.4"]
[BlackElo "2000"]
[WhiteElo "2109"]

1. e4 c5 2. Nc3 Nc6 3. g3 g6 4. Bg2 Bg7 5. d3 e6 6. Be3 d6 7. Qd2 Rb8 8. Nf3 Nd4
9. Nd1 Ne7 10. c3 Nxf3+ 11. Bxf3 O-O 12. Bh6 Nc6 13. Bxg7 Kxg7 14. O-O e5
{[%clk 1:32:19]} 15. Bg2 {[%clk 1:34:47]} b5 {[%clk 1:31:34]} 16. Ne3
{[%clk 1:24:10]} f6 {[%clk 1:20:55]} 17. f4 {[%clk 1:23:03]} b4 {[%clk 1:15:21]}
18. Rf2 {[%clk 1:18:20]} bxc3 {[%clk 1:13:16]} 19. bxc3 {[%clk 1:18:02]} Rb7
{[%clk 1:13:30]} 20. Raf1 {[%clk 1:14:10]} Rbf7 {[%clk 1:13:48]} 21. h4
{[%clk 1:10:56]} h6 {[%clk 1:02:54]} 22. f5 {[%clk 1:08:20]} g5 {[%clk 1:02:56]}
23. Bf3 {[%clk 1:06:39]} Rh8 {[%clk 1:00:49]} 24. Rh2 {[%clk 1:04:18]} Rff8
{[%clk 1:00:30]} 25. Bd1 {[%clk 1:00:03]} Ne7 {[%clk 0:58:52]} 26. Bb3
{[%clk 0:58:45]} Bb7 {[%clk 0:58:00]} 27. Rb1 {[%clk 0:56:25]} d5
{[%clk 0:58:00]} 28. exd5 {[%clk 0:56:25]} Nxd5 {[%clk 0:58:00]} 29. Qg2
{[%clk 0:56:25]} Qb6 {[%clk 0:58:00]} 30. Nxd5 {[%clk 0:56:25]} Bxd5
{[%clk 0:58:00]} 31. Qxd5 {[%clk 0:56:25]} c4+ {[%clk 0:58:00]} 32. Kf1
{[%clk 0:56:25]} cxb3 {[%clk 0:58:00]} 33. Rxb3 {[%clk 0:56:25]} Rd8
{[%clk 0:58:00]} 34. Rxb6 {[%clk 0:56:25]} Rxd5 {[%clk 0:58:00]} 35. Rb7+
{[%clk 0:56:25]} 1-0

[Event "2016 NSW Open"]
[Site "?"]
[Date "2016.06.13"]
[Round "4.1"]
[White "Zhao, Zong-Yuan"]
[Black "Brown, Andrew"]
[Result "1-0"]
[LiveChessVersion "1.4.4"]
[BlackElo "2199"]
[WhiteElo "2541"]

1. e4 {[%clk 1:30:57]} c5 {[%clk 1:30:50]} 2. Nf3 {[%clk 1:31:23]} Nc6
{[%clk 1:31:15]} 3. Bb5 {[%clk 1:31:47]} g6 {[%clk 1:31:21]} 4. Bxc6
{[%clk 1:31:49]} dxc6 {[%clk 1:31:44]} 5. d3 {[%clk 1:32:16]} Bg7
{[%clk 1:31:59]} 6. h3 {[%clk 1:32:39]} Nf6 {[%clk 1:32:20]} 7. Nc3
{[%clk 1:31:27]} Nd7 {[%clk 1:32:08]} 8. Be3 {[%clk 1:31:07]} e5 {[%clk 1:32:24]}
9. Qd2 {[%clk 1:31:25]} h6 {[%clk 1:32:47]} 10. O-O {[%clk 1:28:15]} Qe7
{[%clk 1:32:07]} 11. a3 {[%clk 1:25:17]} Nf8 {[%clk 1:28:28]} 12. b4
{[%clk 1:23:36]} Ne6 {[%clk 1:25:56]} 13. Na4 {[%clk 1:15:53]} b6
{[%clk 1:23:04]} 14. bxc5 {[%clk 1:11:18]} b5 {[%clk 1:19:45]} 15. Nb2
{[%clk 1:07:27]} f5 {[%clk 1:17:56]} 16. Qe1 {[%clk 0:53:10]} f4 {[%clk 1:09:03]}
17. Bd2 {[%clk 0:53:30]} Ng5 {[%clk 1:08:55]} 18. Qe2 {[%clk 0:48:41]} Qxc5
{[%clk 0:43:35]} 19. Rfc1 {[%clk 0:40:34]} Be6 {[%clk 0:34:06]} 20. c4
{[%clk 0:39:43]} Nxf3+ {[%clk 0:33:53]} 21. Qxf3 {[%clk 0:40:06]} Qd4
{[%clk 0:33:44]} 22. Bc3 {[%clk 0:40:14]} Qd7 {[%clk 0:31:12]} 23. a4
{[%clk 0:35:13]} O-O {[%clk 0:29:45]} 24. axb5 {[%clk 0:34:43]} g5
{[%clk 0:27:27]} 25. bxc6 {[%clk 0:31:43]} Qc8 {[%clk 0:25:44]} 26. Ra5
{[%clk 0:23:43]} g4 {[%clk 0:25:38]} 27. Qd1 {[%clk 0:24:00]} gxh3
{[%clk 0:24:17]} 28. Bxe5 {[%clk 0:23:45]} Qe8 {[%clk 0:23:09]} 29. f3
{[%clk 0:20:11]} Qh5 {[%clk 0:18:01]} 30. Bxg7 {[%clk 0:13:56]} Qxa5
{[%clk 0:17:34]} 31. Bxf8 {[%clk 0:13:15]} Rxf8 {[%clk 0:08:38]} 32. d4
{[%clk 0:12:47]} Kh7 {[%clk 0:08:50]} 33. Nd3 {[%clk 0:12:04]} Rg8
{[%clk 0:06:59]} 34. Rc2 {[%clk 0:02:02]} Bxc4 {[%clk 0:04:29]} 35. Nc5
{[%clk 0:02:17]} Bb5 {[%clk 0:01:58]} 36. Kh2 {[%clk 0:01:09]} hxg2
{[%clk 0:00:50]} 37. Rxg2 {[%clk 0:01:25]} Rxg2+ {[%clk 0:01:03]} 38. Kxg2
{[%clk 0:01:54]} Bxc6 {[%clk 0:00:37]} 39. Qc2 {[%clk 0:01:43]} Qe1
{[%clk 0:00:33]} 40. Qf2 {[%clk 0:02:08]} Qc3 {[%clk 0:00:36]} 41. Ne6
{[%clk 0:01:56]} a5 {[%clk 0:00:35]} 42. Qh4 {[%clk 0:01:04]} Qb2+
{[%clk 0:00:37]} 43. Kh3 {[%clk 0:01:11]} Qb7 {[%clk 0:00:36]} 44. d5
{[%clk 0:01:11]} Be8 {[%clk 0:00:33]} 45. Qxf4 {[%clk 0:00:40]} Qf7
{[%clk 0:00:46]} 46. Qxf7+ {[%clk 0:00:42]} Bxf7 {[%clk 0:01:14]} 47. Nc5
{[%clk 0:01:05]} Kg7 {[%clk 0:00:44]} 48. d6 {[%clk 0:01:09]} Kf8
{[%clk 0:00:33]} 49. e5 {[%clk 0:00:43]} Ke8 {[%clk 0:00:36]} 50. f4
{[%clk 0:00:51]} Bg6 {[%clk 0:00:33]} 51. Kg4 {[%clk 0:00:57]} Bc2
{[%clk 0:00:33]} 52. e6 {[%clk 0:00:59]} Bd1+ {[%clk 0:00:41]} 53. Kf5
{[%clk 0:01:07]} Bf3 {[%clk 0:00:32]} 54. Kf6 {[%clk 0:01:29]} Bc6
{[%clk 0:00:39]} 55. d7+ {[%clk 0:01:56]} Bxd7 {[%clk 0:01:02]} 56. exd7+
{[%clk 0:02:22]} Kd8 {[%clk 0:01:25]} 57. Ke6 {[%clk 0:02:50]} 1-0

[Event "2016 NSW Open"]
[Site "?"]
[Date "2016.06.13"]
[Round "4.2"]
[White "Illingworth, Max"]
[Black "Bierkens, Pieter"]
[Result "1-0"]
[LiveChessVersion "1.4.4"]
[BlackElo "2109"]
[WhiteElo "2458"]

1. e4 {[%clk 1:30:59]} c5 {[%clk 1:13:45]} 2. Nf3 {[%clk 1:31:04]} Nc6
{[%clk 1:14:06]} 3. Bb5 {[%clk 1:31:20]} d6 {[%clk 1:13:41]} 4. O-O
{[%clk 1:31:37]} Bd7 {[%clk 1:12:01]} 5. Re1 {[%clk 1:31:51]} e6 {[%clk 1:10:54]}
6. c3 {[%clk 1:31:45]} Nf6 {[%clk 1:09:43]} 7. d4 {[%clk 1:30:59]} cxd4
{[%clk 1:07:23]} 8. cxd4 {[%clk 1:31:20]} d5 {[%clk 1:07:07]} 9. e5
{[%clk 1:16:57]} Ne4 {[%clk 1:04:55]} 10. Bd3 {[%clk 1:16:30]} Nb4
{[%clk 1:03:40]} 11. Bxe4 {[%clk 1:15:03]} dxe4 {[%clk 1:04:04]} 12. Rxe4
{[%clk 1:14:52]} Bc6 {[%clk 1:03:05]} 13. Rg4 {[%clk 1:12:06]} h5
{[%clk 1:02:32]} 14. Rg3 {[%clk 1:10:42]} h4 {[%clk 1:02:26]} 15. Rg4
{[%clk 1:08:10]} h3 {[%clk 1:02:26]} 16. Be3 {[%clk 0:50:32]} hxg2
{[%clk 1:01:47]} 17. Nbd2 {[%clk 0:48:49]} f5 {[%clk 0:54:16]} 18. exf6
{[%clk 0:46:40]} gxf6 {[%clk 0:54:38]} 19. Qe2 {[%clk 0:46:57]} Qd5
{[%clk 0:47:56]} 20. a3 {[%clk 0:46:02]} Nc2 {[%clk 0:33:17]} 21. Ne4
{[%clk 0:43:17]} Qf5 {[%clk 0:31:11]} 22. Rf4 {[%clk 0:42:38]} Qh3
{[%clk 0:31:20]} 23. Qxc2 {[%clk 0:41:46]} f5 {[%clk 0:31:14]} 24. Neg5
{[%clk 0:41:29]} Qh6 {[%clk 0:29:19]} 25. d5 {[%clk 0:37:09]} Bxd5
{[%clk 0:27:26]} 26. Rh4 {[%clk 0:37:25]} Qxh4 {[%clk 0:25:46]} 27. Nxh4
{[%clk 0:37:45]} Rxh4 {[%clk 0:26:04]} 28. Rd1 {[%clk 0:37:04]} Rd8
{[%clk 0:23:11]} 29. Rxd5 {[%clk 0:34:25]} Rxd5 {[%clk 0:22:32]} 30. Qc8+
{[%clk 0:34:41]} Rd8 {[%clk 0:21:19]} 31. Qxe6+ {[%clk 0:35:04]} Be7
{[%clk 0:21:43]} 32. Bc5 {[%clk 0:33:20]} 1-0